Ansel's pharmaceutical dosage forms and drug delivery systems / (Record no. 79032)
[ view plain ]
| 000 -LEADER | |
|---|---|
| fixed length control field | 00790nam a2200241Ia 4500 |
| 003 - CONTROL NUMBER IDENTIFIER | |
| control field | URS |
| 005 - DATE AND TIME OF LATEST TRANSACTION | |
| control field | 20240715190248.0 |
| 008 - FIXED-LENGTH DATA ELEMENTS--GENERAL INFORMATION | |
| fixed length control field | 240418s9999 xx 000 0 und d |
| 020 ## - INTERNATIONAL STANDARD BOOK NUMBER | |
| International Standard Book Number | 978-1-4698-9463-8 |
| 040 ## - CATALOGING SOURCE | |
| Language of cataloging | English |
| Transcribing agency | URS |
| Description conventions | rda |
| 050 ## - LIBRARY OF CONGRESS CALL NUMBER | |
| Classification number | RS200 |
| Item number | .A57 2014 |
| 100 ## - MAIN ENTRY--PERSONAL NAME | |
| Personal name | Allen Jr., Loyd V., |
| Relator term | author. |
| 245 #0 - TITLE STATEMENT | |
| Title | Ansel's pharmaceutical dosage forms and drug delivery systems / |
| Statement of responsibility, etc | Loyd V. Allen, Jr., Howard C. Ansel. |
| 250 ## - EDITION STATEMENT | |
| Edition statement | 10th edition. |
| 264 ## - PUBLICATION, DISTRIBUTION, ETC. (IMPRINT) | |
| Place of publication, distribution, etc | Philadelphia : |
| Name of publisher, distributor, etc | Wolters Kluwer, |
| Date of publication, distribution, etc | ©2014. |
| 300 ## - PHYSICAL DESCRIPTION | |
| Extent | xi, 794 pages : |
| Other physical details | illustrations ; |
| Dimensions | 28 cm. |
| 336 ## - CONTENT TYPE | |
| Content type term | text |
| Content type code | txt |
| Source | rdacontent |
| 337 ## - MEDIA TYPE | |
| Media type term | unmediated |
| Media type code | n |
| Source | rdamedia |
| 338 ## - CARRIER TYPE | |
| Carrier type term | volume |
| Carrier type code | nc |
| Source | rdacarrier |
| 650 #0 - SUBJECT ADDED ENTRY--TOPICAL TERM | |
| Topical term or geographic name as entry element | Drugs |
| General subdivision | Dosage forms. |
| 9 (RLIN) | 5846 |
| 650 #0 - SUBJECT ADDED ENTRY--TOPICAL TERM | |
| Topical term or geographic name as entry element | Drug delivery systems. |
| 9 (RLIN) | 5847 |
| 942 ## - ADDED ENTRY ELEMENTS (KOHA) | |
| Koha item type | Foreign Books |
| Source of classification or shelving scheme | Library of Congress Classification |
| Withdrawn status | Lost status | Source of classification or shelving scheme | Damaged status | Not for loan | Collection code | Home library | Current library | Shelving location | Date acquired | Source of acquisition | Total Checkouts | Full call number | Barcode | Date last seen | Copy number | Koha item type |
|---|---|---|---|---|---|---|---|---|---|---|---|---|---|---|---|---|
| Library of Congress Classification | Non-fiction | Taytay College Library | Taytay College Library | Foreign Section | 03/05/2024 | Donation | RS200 .A57 2014 | URSTAY-5392 | 06/05/2025 | 1 | Foreign Books | |||||
| Library of Congress Classification | Non-fiction | Taytay College Library | Taytay College Library | Foreign Section | 07/04/2024 | Donation | RS200 .A57 2014 | URSTAY-5401 | 06/05/2025 | 2 | Foreign Books | |||||
| Library of Congress Classification | Non-fiction | Taytay College Library | Taytay College Library | Foreign Section | 07/04/2024 | Donation | RS200 .A57 2014 | URSTAY-5402 | 06/05/2025 | 3 | Foreign Books | |||||
| Library of Congress Classification | Non-fiction | Taytay College Library | Taytay College Library | Foreign Section | 07/04/2024 | Donation | RS200 .A57 2014 | URSTAY-5586 | 06/05/2025 | 4 | Foreign Books | |||||
| Library of Congress Classification | Non-fiction | Taytay College Library | Taytay College Library | Foreign Section | 07/04/2024 | Donation | RS200 .A57 2014 | URSTAY-5587 | 06/05/2025 | 5 | Foreign Books | |||||
| Library of Congress Classification | Non-fiction | Taytay College Library | Taytay College Library | Foreign Section | 07/04/2024 | Donation | RS200 .A57 2014 | URSTAY-5588 | 06/05/2025 | 6 | Foreign Books | |||||
| Library of Congress Classification | Non-fiction | Taytay College Library | Taytay College Library | Foreign Section | 07/04/2024 | Donation | RS200 .A57 2014 | URSTAY-5589 | 06/05/2025 | 7 | Foreign Books | |||||
| Library of Congress Classification | Non-fiction | Taytay College Library | Taytay College Library | Foreign Section | 07/15/2024 | Donation | RS200 .A57 2014 | URSTAY-5616 | 06/05/2025 | 8 | Foreign Books |